LEADER 01433nam--2200421---450- 001 990000420720203316 005 20101215170038.0 010 $a88-244-9897-3 035 $a0042072 035 $aUSA010042072 035 $a(ALEPH)000042072USA01 035 $a0042072 100 $a20010502d2001----km-y0itay0103----ba 101 0 $aita 102 $aIT 105 $a||||||||001yy 200 1 $aNuovo prontuario della comunione e del condominio$edisciplina annotata con la giurisprudenza, legislazione complementare, schemi e schede, formule$fa cura di Carlo Montella 210 $aNapoli$cEdizioni giuridiche Simone$d2001 215 $a703 p.$d21 cm 225 2 $a<> prontuari$v1 410 0$12001$a<> prontuari$v1 606 $aCondominio$xLegislazione 606 $aComunione $xLegislazione 676 $a346.45043302632 702 1$aMONTELLA,$bCarlo 801 0$aIT$bsalbc$gISBD 912 $a990000420720203316 951 $aXXV.1.F. 276 (CODEX 850)$b29072 G.$cXXV.1.F. 276 (CODEX)$d00073165 959 $aBK 969 $aGIU 979 $aCHIARA$b40$c20010502$lUSA01$h1007 979 $aCHIARA$b40$c20010502$lUSA01$h1017 979 $c20020403$lUSA01$h1650 979 $aPATRY$b90$c20040406$lUSA01$h1629 979 $aRSIAV4$b90$c20090908$lUSA01$h1438 979 $aRSIAV4$b90$c20101215$lUSA01$h1700 996 $aNuovo prontuario della comunione e del condominio$9873308 997 $aUNISA LEADER 01565nam0 2200385 i 450 001 SUN0123435 005 20200318122643.848 010 $d0.00 017 70$2N$a9783319573779 100 $a20190919d2017 |0engc50 ba 101 $aeng 102 $aCH 105 $a|||| ||||| 200 1 $a*Chemical Complexity$eSelf-Organization Processes in Molecular Systems$fAlexander S. Mikhailov, Gerhard Ertl 205 $aCham : Springer, 2017 210 $aVII$d208 p.$cill. ; 24 cm 215 $aPubblicazione in formato elettronico 410 1$1001SUN0123436$12001 $aThe *Frontiers Collection$1210 $aCham$cSpringer. 620 $aCH$dCham$3SUNL001889 676 $a530.417$cFisica superficiale$v22 676 $a660.6$cBiotecnologia$v22 676 $a540$cChimica generale$v22 676 $a541$cChimica fisica$v22 676 $a530.4175$cFilm sottili$v22 676 $a515.39$cSistemi della stabilità$v22 700 1$aMikhailov$b, Alexander S.$3SUNV094850$0766789 701 1$aErtl$b, Gerhard$3SUNV094851$022159 712 $aSpringer$3SUNV000178$4650 790 1$aMikhailov, A. S.$zMikhailov, Alexander S.$3SUNV103496 801 $aIT$bSOL$c20200921$gRICA 856 4 $uhttps://link.springer.com/book/10.1007%2F978-3-319-57377-9#about 912 $aSUN0123435 950 $aUFFICIO DI BIBLIOTECA DEL DIPARTIMENTO DI SCIENZE E TECNOLOGIE AMBIENTALI BIOLOGICHE E FARMACEUTICHE$d17CONS e-book 2111 $e17BIB2111 81 20190919 996 $aChemical Complexity$91560503 997 $aUNICAMPANIA